[Event "Saint Denis op"]
[Site "Saint Denis"]
[Date "2022.10.13"]
[Round "3"]
[White "Giraud, Dimitri"]
[Black "Vadon Ramalanjaona, Mateotia"]
[Result "0-1"]
[WhiteElo "1054"]
[BlackElo "1314"]
[PlyCount "28"]
[EventDate "2022.10.13"]
[EventType "swiss"]
[EventRounds "9"]
[EventCountry "RUF"]
[SourceTitle "EXT 2024"]
[Source "ChessBase"]
[SourceDate "2023.10.10"]
[SourceVersion "1"]
[SourceVersionDate "2023.10.10"]
[SourceQuality "1"]

1. e4 d5 2. f3 dxe4 3. fxe4 e5 4. Nf3 Bg4 5. Be2 Bxf3 6. Bxf3 Bc5 7. d3 Nf6 8. Qe2 Nc6 9. Be3 Nd4 10. Qf2 Nxc2+ 11. Qxc2 Bxe3 12. Qa4+ Qd7 13. Qb4 Qxd3 14. Qxb7 Rg8 0-1